000
00271nam a22001217a 4500
008
181102b xxu||||| |||| 00| 0 eng d
041
_a
eng
080
_2
2nd
_a
616.5
100
_a
7
101
_a
DER
245
_a
Synopsis of Dermatology
_c
Stewart,W.D
942
_2
udc
_c
BK
999
_c
51646
_d
51646